La innovación metafísica de Ortega (Record no. 19484)

MARC details
000 -LEADER
campo de control de longitud fija 00952nam a2200253 i 4500
001 - NÚMERO DE CONTROL
campo de control 19484
003 - IDENTIFICADOR DE NÚMERO DE CONTROL
campo de control ES-MaACL
005 - FECHA Y HORA DE LA ÚLTIMA TRANSACCIÓN
campo de control 20230906152116.0
007 - CAMPO FIJO DE DESCRIPCIÓN FÍSICA--INFORMACIÓN GENERAL
campo de control de longitud fija t|
008 - DATOS DE LONGITUD FIJA--INFORMACIÓN GENERAL
campo de control de longitud fija 020903s2002 sp ||||1| spa d
020 ## - NÚMERO INTERNACIONAL ESTÁNDAR DEL LIBRO
Número Internacional Estándar del Libro 84-7030-980-3
080 ## - NÚMERO DE LA CLASIFICACIÓN DECIMAL UNIVERSAL
Número de la Clasificación Decimal Universal 1 Ortega y Gasset, José
100 1# - ENTRADA PRINCIPAL--NOMBRE DE PERSONA
Nombre de persona Rodríguez Huéscar, Antonio.
9 (RLIN) 98579
245 13 - MENCIÓN DEL TÍTULO
Título La innovación metafísica de Ortega
Resto del título : crítica y superación del idealismo /
Mención de responsabilidad, etc. Antonio Rodríguez Huéscar ; edición al cuidado de Jorge García-Gómez ; prólogo de Javier Muguerza.
260 ## - PUBLICACIÓN, DISTRIBUCIÓN, ETC.
Lugar de publicación, distribución, etc. Madrid :
Nombre del editor, distribuidor, etc. Biblioteca Nueva,
Fecha de publicación, distribución, etc. [2002]
300 ## - DESCRIPCIÓN FÍSICA
Extensión 189 p. ;
Dimensiones 21 cm.
490 1# - MENCIÓN DE SERIE
Mención de serie Razón y sociedad ;
Designación de volumen o secuencia 19
600 14 - PUNTO DE ACCESO ADICIONAL DE MATERIA--NOMBRE DE PERSONA
Nombre de persona Ortega y Gasset, José,
Fechas asociadas al nombre 1883-1955-
Subdivisión general Crítica e interpretación
9 (RLIN) 87505
700 1# - ENTRADA AGREGADA--NOMBRE PERSONAL
Nombre de persona García Gómez, Jorge.
9 (RLIN) 180620
700 1# - ENTRADA AGREGADA--NOMBRE PERSONAL
Nombre de persona Muguerza, Javier.
9 (RLIN) 84074
830 0# - PUNTO DE ACCESO ADICIONAL DE SERIE-TÍTULO UNIFORME
Título uniforme Razón y sociedad ;
Designación de volumen o secuencia 19
9 (RLIN) 180621
852 ## - LOCALIZACIÓN
Ubicación ES-MaACL
Número de control de estantería L-25923
Sublocalización o colección R.131658
Holdings
Estatus retirado Estado de pérdida Estado de daño No para préstamo Biblioteca de origen Biblioteca actual Ubicación en estantería Fecha de adquisición Fuente de adquisición Total de préstamos Signatura topográfica completa Código de barras Visto por última vez Precio de reemplazo Tipo de ítem Koha
        Biblioteca del Ateneo de Madrid Biblioteca del Ateneo de Madrid Depósito 2 17/01/2008     L-25923 1019934 23/02/2023 23/02/2023 Libro impreso